| 000 | 00712nam a2200157Ia 4500 | ||
|---|---|---|---|
| 008 | 090124s9999 xx 000 0 und d | ||
| 082 | _b33183 | ||
| 245 | _a महाराष्ट्र साहित्य पत्रिका फेब्रुवारी 1990 | ||
| 250 | _a0 | ||
| 260 |
_bमहाराष्ट्र साहित्य परिषद _c1990 |
||
| 300 | _a120 | ||
| 630 | _a महाराष्ट्र साहित्य पत्रिका फेब्रुवारी 1990 | ||
| 700 | _aसारडा शंकर | ||
| 730 | _a महाराष्ट्र साहित्य पत्रिका फेब्रुवारी 1990 | ||
| 942 | _cBOOK | ||
| 999 |
_c99145 _d99145 |
||